Literary criticism in India:Texts, Trends & Trajectories (Record no. 189344)
[ view plain ]
| 000 -LEADER | |
|---|---|
| fixed length control field | 00554nam a22001697a 4500 |
| 005 - DATE AND TIME OF LATEST TRANSACTION | |
| control field | 20220624104331.0 |
| 010 ## - LCCN (DPL NO) | |
| LC control number | vivek |
| 020 ## - INTERNATIONAL STANDARD BOOK NUMBER | |
| International Standard Book Number | 9788195021758 |
| Terms of availability | 270.00 |
| 037 ## - SOURCE OF ACQUISITION | |
| Source of stock number/acquisition | Sahitya Akademi |
| 100 ## - MAIN ENTRY--PERSONAL NAME | |
| Personal name | E.V. Ramakrishnan |
| 245 ## - TITLE STATEMENT | |
| Title | Literary criticism in India:Texts, Trends & Trajectories |
| Statement of responsibility, etc | E.V. Ramakrishnan |
| 260 ## - PUBLICATION, DISTRIBUTION, ETC. (IMPRINT) | |
| Place of publication, distribution, etc | New Delhi |
| Name of publisher, distributor, etc | Sahitya Akademi |
| Date of publication, distribution, etc | 2021 |
| 270 ## - ADDRESS | |
| Address | Rabindra Bhavan, 35, Ferozeshah Road |
| City | New Delhi |
| Postal code | 110001 |
| 300 ## - PHYSICAL DESCRIPTION | |
| Extent | xxv,266p. |
| Other physical details | ill. |
| Dimensions | 21.5cm(Pb) |
| 500 ## - GENERAL NOTE | |
| General note | References, Notes on Contributors |
| 942 ## - ADDED ENTRY ELEMENTS (KOHA) | |
| Source of classification or shelving scheme | Dewey Decimal Classification |
| Item type | English Books |
| Edition | 2021 |
| Call number prefix | RAM |
No items available.
